Marketing campaigns
Đã lưu trong:
| Príomhúdar: | |
|---|---|
| Formáid: | Leabhar |
| Teanga: | English |
| Foilsithe: |
London ; Boston :
International Thomson Business Press,
1998.
|
| Ábhair: | |
| Clibeanna: |
Cuir Clib Leis
Gan Chlibeanna, Bí ar an gcéad duine leis an taifead seo a chlibeáil!
|
| Thư viện lưu trữ: | Mạng thư viện Đại học Đà Nẵng |
|---|
| LEADER | 00862cmm a2200325 i 4500 | ||
|---|---|---|---|
| 001 | 000049942 | ||
| 003 | 10118 | ||
| 005 | 20030212072952.0 | ||
| 008 | 010426|1998 vm 000 eng | ||
| 020 | |a 1861522452 | ||
| 040 | |a IRC |c IRC |d IRC | ||
| 041 | 0 | |a eng | |
| 082 | 1 | 4 | |a 658.8 |b CA-D |
| 100 | 1 | |a Canwell, Diane. | |
| 245 | 0 | 0 | |a Marketing campaigns |h [Float Disk-Đĩa mềm] / |c Diane Canwell. |
| 260 | |a London ; Boston : |b International Thomson Business Press, |c 1998. | ||
| 300 | |a 1 computer disk ; |c 3 1/2 in. | ||
| 630 | 0 | 4 | |a Marketing. |
| 650 | 0 | 4 | |a Marketing |z Great Britain. |
| 650 | 0 | 4 | |a Marketing |x Management. |
| OWN | |a DUT | ||
| 999 | |a From the UDN01 | ||
| TYP | |a Computer file | ||
| TYP | |a Monograph | ||
| 980 | |a Mạng thư viện Đại học Đà Nẵng | ||


